| 000 | 01202nam a2200217Ia 4500 | ||
|---|---|---|---|
| 003 | Ost | ||
| 005 | 20260416102356.0 | ||
| 008 | 260416s9999||||xx |||||||||||||| ||und|| | ||
| 040 | _cfsecg | ||
| 041 | _aara | ||
| 082 | _a310 | ||
| 100 |
_aأوشيش، سليمة اوصديق _eمؤلف |
||
| 245 | 0 |
_a الإحصاء 2 / _c سليمة اوصديق أوشيش |
|
| 260 |
_aالجزائر _bجامعة الجزائر3: كلية العلوم الإقتصادية، العلوم التجارية وعلوم التسيير _c2020 |
||
| 300 |
_a119 ورقة _bايضاحات _c30 سم |
||
| 504 | _aمراجع ص.111 ملحق جداول التوزيعات الاحتمالية الشهيرة ص.113 | ||
| 520 | _aمبادئ نظرية الاحتمالات و الدساتير العشوائية و مميزاتها العددية و التوزيعات الاحتمالية الشهيرة للمتغير العشوائي المنقطع و المتغير العشوائي المستمر . | ||
| 653 | _aالاحصاء | ||
| 710 |
_aجامعة الجزائر3: كلية العلوم الإقتصادية، العلوم التجارية وعلوم التسيير _eناشر علمي |
||
| 942 | _cHANDOUT | ||
| 999 |
_c41195 _d41195 |
||